000 02016cam a2200433Mi 4500
001 on1011461885
003 OCoLC
005 20200320211004.0
008 171021t20182018nyua j b 001 0 eng d
020 _a1508193444
020 _a9781508193449
020 _c18.45
035 _a(OCoLC)1011461885
040 _aCHILD
_beng
_erda
_cCHILD
_dSINLB
_dWACOL
049 _aWACL
082 1 4 _a590
_214
092 _aE
_bPot
100 1 _aPotter, William,
_eauthor.
_922409
245 1 0 _aAnimal world /
_cWilliam Potter.
264 1 _aNew York, NY :
_bWindmill Books, an imprint of Rosen Publishing,
_c2018.
264 4 _c©2018
300 _a24 pages :
_bcolor illustrations ;
_c29 cm.
336 _atext
336 _astill image
337 _aunmediated
338 _avolume
490 1 _aSpot and discover
504 _aIncludes bibliographical references (page 24) and index.
520 _aAnimals are everywhere. This delightful volume encourages readers to put their observation skills to the test and find a variety of animals in some of their many different habitats around the world. Each puzzle reinforces counting skills by challenging readers to find a certain number of each animal. Beautiful illustrations engage readers, while accessible text helps them learn fun facts about each of the animals they are searching for. This stimulating book will be especially popular among animal lovers and will make a wonderful addition to any library or classroom.
521 2 _aK123.
521 8 _aH
_bFountas and Pinnell.
650 0 _aAnimals
_vJuvenile literature.
_95675176
800 1 _aPotter, William
_c(Writer of children's books).
_tSpot and discover.
_95965296
938 _aChildren's Plus, Inc.
_bCHIL
_n2052181
942 _cBOOK
_020
948 _a03/21/2018
_zSirsi
994 _aC0
_bWACOL
996 _a148527
_b34301001546581
_cE
_dbk
_ewcl
_fo
_g20
_h24.60
_llibrariansbookexpress
_mPot
_p03/30/2018
_q02/26/2020
_r03/12/2020
999 _c307204
_d307203